TV. Producción eficaz de programas (Record no. 104419)

MARC details
000 -LEADER
campo de control de longitud fija 00630nam a2200193 i 4500
001 - NÚMERO DE CONTROL
campo de control 104419
003 - IDENTIFICADOR DE NÚMERO DE CONTROL
campo de control ES-MaACL
007 - CAMPO FIJO DE DESCRIPCIÓN FÍSICA--INFORMACIÓN GENERAL
campo de control de longitud fija t|
008 - DATOS DE LONGITUD FIJA--INFORMACIÓN GENERAL
campo de control de longitud fija 051130s1984 sp ||||1| spa d
100 1# - ENTRADA PRINCIPAL--NOMBRE DE PERSONA
Nombre de persona Millerson, Gerald.
9 (RLIN) 81239
245 10 - MENCIÓN DEL TÍTULO
Título TV. Producción eficaz de programas
Resto del título : técnicas y procesos /
Mención de responsabilidad, etc. por Gerald Millerson; [traducida por Eugenio Bonet Albero].
260 ## - PUBLICACIÓN, DISTRIBUCIÓN, ETC.
Lugar de publicación, distribución, etc. Barcelona :
Nombre del editor, distribuidor, etc. Hispano Europea,
Fecha de publicación, distribución, etc. 1984.
300 ## - DESCRIPCIÓN FÍSICA
Extensión 202 p. :
Otras características físicas il. ;
Dimensiones 22 cm.
490 1# - MENCIÓN DE SERIE
Mención de serie Manuales RTV
700 1# - ENTRADA AGREGADA--NOMBRE PERSONAL
Nombre de persona Bonet Albero, Eugenio.
9 (RLIN) 30124
830 0# - PUNTO DE ACCESO ADICIONAL DE SERIE-TÍTULO UNIFORME
Título uniforme Manuales RTV
9 (RLIN) 186614
852 ## - LOCALIZACIÓN
Ubicación ES-MaACL
Número de control de estantería L-7772
Sublocalización o colección R.108369
Holdings
Estatus retirado Estado de pérdida Estado de daño No para préstamo Biblioteca de origen Biblioteca actual Ubicación en estantería Fecha de adquisición Fuente de adquisición Total de préstamos Signatura topográfica completa Código de barras Visto por última vez Precio de reemplazo Tipo de ítem Koha
        Biblioteca del Ateneo de Madrid Biblioteca del Ateneo de Madrid Depósito 2 17/01/2008     L-7772 1109023 23/02/2023 23/02/2023 Libro impreso